000 00360pab a2200157 454500
008 180718b2008 xxu||||| |||| 00| 0 eng d
100 _aLam, Michael E.
245 _aA view from abroad
260 _c2008
300 _ap.40-41.
362 _a2 Feb
650 _aSocial research
773 _aEconomic and Political Weekly
908 _aN
909 _a77333
999 _c77333
_d77333